An assessment of information literacy programmes in children's libraries/ a case study of Bulawayo Public Library/ (Record no. 99116)
[ view plain ]
| 000 -LEADER | |
|---|---|
| fixed length control field | 00755nam a2200217 a 4500 |
| 008 - FIXED-LENGTH DATA ELEMENTS--GENERAL INFORMATION | |
| fixed length control field | |
| 049 ## - LOCAL HOLDINGS (OCLC) | |
| Holding library | MAIN |
| 090 ## - LOCALLY ASSIGNED LC-TYPE CALL NUMBER (OCLC); LOCAL CALL NUMBER (RLIN) | |
| Classification number (OCLC) (R) ; Classification number, CALL (RLIN) (NR) | SC Z718 |
| Local cutter number (OCLC) ; Book number/undivided call number, CALL (RLIN) | NYA |
| 003 - CONTROL NUMBER IDENTIFIER | |
| control field | |
| 005 - DATE AND TIME OF LATEST TRANSACTION | |
| control field | 20230120153123.0 |
| 040 ## - CATALOGING SOURCE | |
| Transcribing agency | NUST |
| 100 1# - MAIN ENTRY--PERSONAL NAME | |
| Personal name | Nyathi, Butholezwe K. |
| 245 10 - TITLE STATEMENT | |
| Title | An assessment of information literacy programmes in children's libraries/ a case study of Bulawayo Public Library/ |
| Statement of responsibility, etc. | Butholezwe K. Nyathi. |
| 260 ## - PUBLICATION, DISTRIBUTION, ETC. | |
| Place of publication, distribution, etc. | Bulawayo : |
| Name of publisher, distributor, etc. | Nust, |
| -- | 2008 |
| 300 ## - PHYSICAL DESCRIPTION | |
| Extent | x, 68 p. : |
| Other physical details | ill. ; |
| Dimensions | 31 cm. |
| 500 ## - GENERAL NOTE | |
| General note | Thesis (BSc)---NUST, 2001 |
| 500 ## - GENERAL NOTE | |
| General note | Includes bibliographical references. |
| 700 ## - ADDED ENTRY--PERSONAL NAME | |
| Personal name | NUST. |
| Numeration | Dept.Of Library and Information Science. |
| Title of a work | Project. |
| 907 ## - LOCAL DATA ELEMENT G, LDG (RLIN) | |
| a | .b10264693 |
| b | 01-03-12 |
| c | 04-08-09 |
| 942 ## - ADDED ENTRY ELEMENTS (KOHA) | |
| Koha item type | Ordinary Loan Books |
| Call number prefix | SC Z718 |
| Call number suffix | NYA |
| Date last seen | Total Checkouts | Full call number | Barcode | Cost, replacement price | Price effective from | Koha item type | Lost status | Source of classification or shelving scheme | Damaged status | Not for loan | Collection | Withdrawn status | Home library | Current library | Shelving location | Date acquired | Cost, normal purchase price |
|---|---|---|---|---|---|---|---|---|---|---|---|---|---|---|---|---|---|
| 01/20/2023 | 5 | SC Z718 NYA | 92004011448 | 80.00 | 01/20/2023 | 3HOUR | LCC | NFIC | MAIN | MAIN | GEN | 01/20/2023 | 80.00 |